Banner

Matemáticas básicas y operativas / (Record no. 46)

MARC details
000 -LEADER
campo de control de longitud fija 00671nam a22002057a 4500
001 - NÚMERO DE CONTROL
campo de control 002094
003 - IDENTIFICADOR DE NÚMERO DE CONTROL
campo de control OSt002094
005 - FECHA Y HORA DE LA ÚLTIMA TRANSACCIÓN
campo de control 20181026173854.0
008 - DATOS DE LONGITUD FIJA--INFORMACIÓN GENERAL
campo de control de longitud fija 180709b ck ||||| |||| 00| 0 spa d
035 ## - NÚMERO DE CONTROL DEL SISTEMA
Número de control de sistema ADC6768 LA
082 04 - NÚMERO DE LA CLASIFICACIÓN DECIMAL DEWEY
Número de clasificación RES 510.7
Número de ítem U74m
Información de edición 19 ed.
100 1# - ENTRADA PRINCIPAL--NOMBRE DE PERSONA
Nombre de persona Uribe Cálad, Julio A.
245 10 - MENCIÓN DEL TÍTULO
Título Matemáticas básicas y operativas /
Mención de responsabilidad, etc. Julio A. Uribe Cálad.
260 ## - PUBLICACIÓN, DISTRIBUCIÓN, ETC.
Lugar de publicación, distribución, etc. Medellín :
Nombre del editor, distribuidor, etc. Ediciones Susaeta,
Fecha de publicación, distribución, etc. 1986.
300 ## - DESCRIPCIÓN FÍSICA
Extensión 639 p. :
Otras características físicas il. ;
Dimensiones 28 cm.
650 #6 - PUNTO DE ACCESO ADICIONAL DE MATERIA--TÉRMINO DE MATERIA
Término de materia o nombre geográfico como elemento de entrada Matemáticas
Subdivisión general Enseñanza.
650 ## - PUNTO DE ACCESO ADICIONAL DE MATERIA--TÉRMINO DE MATERIA
Término de materia o nombre geográfico como elemento de entrada Matemáticas
Subdivisión de forma Problemas, ejercicios, lenguaje matemático, lógica matemática, metodos de demostración
942 ## - ELEMENTOS DE ENTRADA SECUNDARIOS (KOHA)
Fuente del sistema de clasificación o colocación Clasificación Decimal Dewey
Tipo de ítem Koha Reserva
949 ## - PROCESAMIENTO DE INFORMACIÓN LOCAL (OCLC)
a c
b n
Holdings
Estatus retirado Estado de pérdida Fuente del sistema de clasificación o colocación Estado de daño No para préstamo Colección Biblioteca de origen Biblioteca actual Fecha de adquisición Total de préstamos Signatura topográfica completa Código de barras Visto por última vez Fecha del último préstamo Copia número Precio de reemplazo Tipo de ítem Koha Fuente de adquisición
    Clasificación Decimal Dewey     Colección Reserva U DE COLOMBIA - Biblioteca U DE COLOMBIA - Biblioteca 09/07/2018 1 510.7 U74 002094 09/07/2018 09/07/2018 2 09/07/2018 Reserva  
    Clasificación Decimal Dewey     Colección general U DE COLOMBIA - Biblioteca U DE COLOMBIA - Biblioteca 23/01/2019 12 510.71 U74 Ej.3 002095 28/05/2024 25/05/2024 1 23/01/2019 Libros Compra


Biblioteca Académica Corporación Universitaria U DE COLOMBIA | Teléfono: +(57) (4) 2398080 ext. 1112 | E-mail: biblioteca@udecolombia.edu.co | Dirección: Calle 56 Nº 41 – 147 (Bolivia con Girardot)
Horario de atención: lunes a viernes 8:00 a.m. a 8:00 p.m. - sábados 8:00 a.m. a 4:00 p.m.
Implementado por Grupo EGS.

Powered by Koha